Normal view
MARC view
Entry Personal Name
001 - CONTROL NUMBER
- control field: 5599
003 - CONTROL NUMBER IDENTIFIER
- control field: OSt
005 - DATE AND TIME OF LATEST TRANSACTION
- control field: 20211105132700.0
008 - FIXED-LENGTH DATA ELEMENTS
- fixed length control field: 211105|| aca||aabn | a|a d
040 ## - CATALOGING SOURCE
- Original cataloging agency: OSt
- Transcribing agency: OSt
100 ## - HEADING--PERSONAL NAME
- Personal name: Steinberger, J., ed
670 ## - SOURCE DATA FOUND
- Source citation: Work cat.: (OSt): Conference of International School of Physics "Enrico Fermi" Italy 1967 July 17-29 5598, Selected topics in particle physics, 1968